[Event "Montigny le Bretonneux Noel op 19th"]
[Site "Montigny le Bretonneux"]
[Date "2018.12.28"]
[Round "3"]
[White "Suinot, Laurent"]
[Black "Claisse, Patrick"]
[Result "1/2-1/2"]
[WhiteElo "1712"]
[BlackElo "1748"]
[PlyCount "62"]
[EventDate "2018.12.26"]
[EventType "swiss"]
[EventRounds "7"]
[EventCountry "FRA"]
[SourceTitle "CBM 188 Extra"]
[Source "ChessBase"]
[SourceDate "2019.02.26"]
[SourceVersion "1"]
[SourceVersionDate "2019.02.26"]
[SourceQuality "1"]

1. e4 c5 2. c3 d5 3. exd5 Qxd5 4. d4 Nf6 5. Nf3 e6 6. Be2 Be7 7. 0-0 0-0 8. Na3 Nc6 9. Bf4 cxd4 10. cxd4 Qd8 11. Nb5 Nd5 12. Bg3 a6 13. Nc3 b5 14. Rc1 Bb7 15. Ne5 Nxc3 16. bxc3 Nxe5 17. Bxe5 Bd6 18. Bxd6 Qxd6 19. Bf3 Bxf3 20. Qxf3 Qd5 21. Qxd5 exd5 22. a4 Rfc8 23. axb5 axb5 24. Rb1 Rab8 25. Rb3 Kf8 26. Rfb1 Ke7 27. Kf1 Kd6 28. Rxb5 Rxb5 29. Rxb5 Rxc3 30. Ke2 Ra3 31. Rb2 Kc6 1/2-1/2

[Event "Montigny le Bretonneux op 21st"]
[Site "Montigny le Bretonneux"]
[Date "2017.05.27"]
[Round "4"]
[White "Charron, Thomas"]
[Black "Suinot, Laurent"]
[Result "1-0"]
[WhiteElo "1550"]
[BlackElo "1623"]
[PlyCount "133"]
[EventDate "2017.05.25"]
[EventType "swiss"]
[EventRounds "9"]
[EventCountry "FRA"]
[SourceTitle "EXT 2020"]
[Source "ChessBase"]
[SourceDate "2019.10.17"]
[SourceVersion "1"]
[SourceVersionDate "2019.10.17"]
[SourceQuality "1"]

1. e4 c5 2. Nf3 Nc6 3. d4 cxd4 4. Nxd4 g6 5. Nc3 Bg7 6. Be3 a6 7. f3 e6 8. Qd2 Nge7 9. Be2 0-0 10. g4 Qc7 11. 0-0-0 Rd8 12. Bf4 e5 13. Nxc6 bxc6 14. Bg3 d5 15. exd5 cxd5 16. f4 Bb7 17. Bf3 e4 18. Bg2 Bxc3 19. Qxc3 Qxc3 20. bxc3 f5 21. g5 Rdc8 22. Be1 Rc4 23. Rd4 Rac8 24. Bf1 Rxd4 25. cxd4 Nc6 26. Bc3 Nd8 27. Bd2 Ne6 28. Be3 Rc3 29. Kd2 Ra3 30. Be2 Rxa2 31. Rb1 Nd8 32. Rb6 Kf7 33. Rb1 Ke7 34. Kc3 Ra3+ 35. Kd2 Kd7 36. Rb6 a5 37. Rb1 Bc6 38. Rb2 Kc7 39. c3 Nb7 40. Kc2 Ba4+ 41. Kd2 Nd6 42. Bf2 Nc4+ 43. Bxc4 dxc4 44. Be1 Bb3 45. Kc1 Ba4 46. Kb1 Rb3 47. Rxb3 Bxb3 48. Bf2 Kc6 49. Be3 Kb5 50. Kb2 Kc6 51. Ka3 Kd6 52. Kb2 Ba4 53. Ka3 Bc6 54. Kb2 Kc7 55. Ka3 Kb6 56. d5+ Kc7 57. dxc6 Kxc6 58. Ka4 Kd6 59. Kxa5 Kd5 60. Kb4 Kd6 61. Kxc4 Ke6 62. Kc5 Kd7 63. Kb6 Kc8 64. c4 Kb8 65. c5 Kc8 66. Kc6 Kb8 67. Kd7 1-0

[Event "Montigny le Bretonneux op 21st"]
[Site "Montigny le Bretonneux"]
[Date "2017.05.25"]
[Round "1"]
[White "Suinot, Laurent"]
[Black "Tanchoux, Pierre"]
[Result "1-0"]
[WhiteElo "1623"]
[BlackElo "1274"]
[PlyCount "79"]
[EventDate "2017.05.25"]
[EventType "swiss"]
[EventRounds "9"]
[EventCountry "FRA"]
[SourceTitle "EXT 2020"]
[Source "ChessBase"]
[SourceDate "2019.10.17"]
[SourceVersion "1"]
[SourceVersionDate "2019.10.17"]
[SourceQuality "1"]

1. c4 c5 2. Nc3 Nc6 3. e3 d6 4. g3 e6 5. Bg2 Nf6 6. Nge2 d5 7. cxd5 exd5 8. d4 cxd4 9. Nxd4 Nxd4 10. Qxd4 Be6 11. 0-0 a6 12. Rd1 Rc8 13. Nxd5 Bc5 14. Nxf6+ gxf6 15. Qxd8+ Rxd8 16. Rxd8+ Kxd8 17. Bxb7 a5 18. Bd2 Bb6 19. Bc3 Ke7 20. Rd1 Rd8 21. Rxd8 Bxd8 22. a3 f5 23. Kg2 Kd6 24. b4 axb4 25. Bxb4+ Kc7 26. Ba6 Bd5+ 27. f3 Kb6 28. Bd3 Be6 29. Kf2 h5 30. e4 fxe4 31. Bxe4 f5 32. Bd3 Bf6 33. Ke3 Bg5+ 34. Kf2 Bf6 35. Be2 h4 36. g4 Bd4+ 37. Kg2 fxg4 38. fxg4 Bd5+ 39. Bf3 Bf6 40. Bxd5 1-0